Нормы расхода запасных частей и резинотехнических изделий на капитальный ремонт и на год работы машины. Ч. 5: [Бульдозеры, автогрейдеры, грейдеры-элеваторы, скреперы, землевозы, катки самоходные, оборудование для изготовления арматуры] (Запись № 9289662)

Подробности
000 -МАРКЕР
контрольное поле 02492nam2a22002531 4500
001 - ИДЕНТИФИКАТОР ЗАПИСИ
контрольное поле rc\4782907
005 - ИДЕНТИФИКАТОР ВЕРСИИ
контрольное поле 20250613065742.0
035 ## - ДРУГИЕ СИСТЕМНЫЕ НОМЕРА
Идентификатор записи (NLR Aleph) 008998126
100 ## - ДАННЫЕ ОБЩЕЙ ОБРАБОТКИ
Данные общей обработки 20130417d1968 |||y0rusy50 ca
101 0# - ЯЗЫК РЕСУРСА
Язык текста, звукозаписи и т.д. русский
102 ## - СТРАНА ПУБЛИКАЦИИ ИЛИ ПРОИЗВОДСТВА
Страна публикации Российская Федерация
105 ## - ПОЛЕ КОДИРОВАННЫХ ДАННЫХ: ТЕКСТОВЫЕ МАТЕРИАЛЫ, МОНОГРАФИЧЕСКИЕ
Кодированные данные о монографическом текстовом документе a b |||||
200 1# - ЗАГЛАВИЕ И СВЕДЕНИЯ ОБ ОТВЕТСТВЕННОСТИ
Основное заглавие [Бульдозеры, автогрейдеры, грейдеры-элеваторы, скреперы, землевозы, катки самоходные, оборудование для изготовления арматуры]
Первые сведения об ответственности М-во монтажных и спец. строит. работ СССР. Главстроймеханизация. Проектно-конструкторская контора "Проектстроймеханизация"
210 ## - ПУБЛИКАЦИЯ, РАСПРОСТРАНЕНИЕ И ДР.
Дата издания, распространения и т.д. 1968
Место издания, распространения и т.д. Б. м.
215 ## - ФИЗИЧЕСКАЯ ХАРАКТЕРИСТИКА
Специфическое обозначение материала и объем 344 с.
Другие сведения о физической характеристике ил.
Размеры 30
300 ## - ОБЩИЕ ПРИМЕЧАНИЯ
Текст примечания Загл. ч. 4: Нормы расхода запасных частей и резинотехнических изделий на капитальный ремонт и на год работы машины
461 #0 - УРОВЕНЬ НАБОРА
Встроенное поле 001rc\4782902
-- 2001#$aНормы расхода запасных частей и резинотехнических изделий на капитальный ремонт и на год работы машины$eКаталог-справочник$eЧ. 1-$fГос. производ. ком. по монтажным и спец. строит. работам СССР. Главстроймеханизация. Проектно-конструкторская контора "Проектстроймеханизация"$vЧ. 5
Системный номер (АБИС) связанной записи 9289632
Место публикации Москва
Дата публикации 1965
Первые сведения об ответственности Гос. производ. ком. по монтажным и спец. строит. работам СССР. Главстроймеханизация. Проектно-конструкторская контора "Проектстроймеханизация"
Имя издателя, распространителя и т.д. Лесная пром-сть
Сведения, относящиеся к заглавию Каталог-справочник : Ч. 1-
Заглавие Нормы расхода запасных частей и резинотехнических изделий на капитальный ремонт и на год работы машины
Номер тома Ч. 5
517 0# - ДРУГИЕ ВАРИАНТЫ ЗАГЛАВИЯ
Вариант заглавия Нормы расхода запасных частей и резинотехнических изделий на капитальный ремонт и на год работы машины
801 #0 - ИСТОЧНИК ЗАПИСИ
Страна Российская Федерация
Организация NLR
Правила каталогизации psbo
801 #1 - ИСТОЧНИК ЗАПИСИ
Страна Российская Федерация
Организация ELAR
Источник данных rusmarc
852 ## - МЕСТОНАХОЖДЕНИЕ И ШИФР ХРАНЕНИЯ
Идентификатор организации NLR
Шифр хранения (Call Number) 65-7/1704
942 ## - ДОПОЛНИТЕЛЬНЫЕ ЭЛЕМЕНТЫ ЗАПИСИ (АБИС)
Тип экземпляра АБИС Книга
980 ## - КОЛЛЕКЦИЯ
Название коллекции Национальная библиография
Экземпляры
Тип экземпляра Дата поступления Библиотека постоянного хранения Библиотека текущего хранения Место хранения Шифр хранения Штрих-код Статус экземпляра
Книга 26.10.2013 РНБ (Московский) РНБ (Московский) Русский книжный фонд: издания с 1957 года 65-7/1704 8998126-10